Normal view
MARC view
- Albee, Edward,
Entry Personal Name
001 - CONTROL NUMBER
- control field: 153692
003 - CONTROL NUMBER IDENTIFIER
- control field: DLC
005 - DATE AND TIME OF LATEST TRANSACTION
- control field: 20260415160602.0
008 - FIXED-LENGTH DATA ELEMENTS
- fixed length control field: 120522n| azannaabn |a aaa c
010 ## - LIBRARY OF CONGRESS CONTROL NUMBER
- LC control number: no2012070972
035 ## - SYSTEM CONTROL NUMBER
- System control number: (OCoLC)oca09205479
040 ## - CATALOGING SOURCE
- Original cataloging agency: MnManS
- Language of cataloging: eng
- Description conventions: rda
- Transcribing agency: MnManS
- Modifying agency: DLC
- Modifying agency: WaU
- Modifying agency: DLC
100 1# - HEADING--PERSONAL NAME
- Personal name: Albee, Edward,
- Dates associated with a name: 1928-2016.
- Title of a work: Who's afraid of Virginia Woolf?
370 ## - ASSOCIATED PLACE
- Place of origin of work: United States
- Source of term: naf
380 ## - FORM OF WORK
- Form of work: Drama
- Source of term: lcgft
400 1# - SEE FROM TRACING--PERSONAL NAME
- Personal name: Albee, Edward,
- Dates associated with a name: 1928-2016.
- Title of a work: Edward Albee's Who's afraid of Virginia Woolf?
530 #0 - SEE ALSO FROM TRACING--UNIFORM TITLE
- Control subfield: r
- Relationship information: Adapted as motion picture (work):
- Uniform title: Who's afraid of Virginia Woolf? (Motion picture)
670 ## - SOURCE DATA FOUND
- Source citation: Who's afraid of Virginia Woolf?, 1962.
670 ## - SOURCE DATA FOUND
- Source citation: The scenic design of Who's afraid of Virginia Wolf?, 2011.



